00386nam a22001457a 4500003001200000005001700012008004100029020000600070040001200076082001900088100001700107245007400124260001100198650003100209NUST - PNEC20170116181108.0151003b xxu||||| |||| 00| 0 eng d a- cLIBRARY a621.381959 INT aPozar, David aInteractive graphics utility for automated NEC analysis cDavid Pozar cc.1986 aInteractive graphics xMIS